|
|
|
|
| LEADER |
00953nam a22002537a 4500 |
| 001 |
28650 |
| 003 |
BD-DhAAL |
| 005 |
20141201171140.0 |
| 008 |
141201s2014 ph a|||| |||| 00| 0 eng d |
| 020 |
|
|
|a 9789292545062
|
| 020 |
|
|
|a 9789292545079
|
| 040 |
|
|
|a BD-DhAAL
|c BD-DhAAL
|
| 082 |
|
|
|2 22
|a 338.959/06
|
| 245 |
|
|
|a Innovative Asia : advancing the knowledge-based economy; highlights of the forthcoming ADB study report
|
| 260 |
|
|
|a Manila :
|b Asian Development Bank,
|c 2014
|
| 300 |
|
|
|a 33 p. :
|b ill. ;
|c 28 cm.
|
| 541 |
|
|
|e 28650
|
| 650 |
|
|
|a Knowledge economy
|9 6370
|
| 650 |
|
|
|a Economic development
|z Asia.
|9 6371
|
| 710 |
|
|
|a Asian Development Bank.
|9 6372
|
| 852 |
|
|
|a Ayesha Abed Library
|
| 942 |
|
|
|2 ddc
|c BK
|
| 999 |
|
|
|c 33169
|d 33169
|
| 952 |
|
|
|0 0
|1 0
|2 ddc
|4 1
|6 338_959060000000000_INN
|7 0
|9 44275
|a BRACUL
|b BRACUL
|c SPS
|d 2014-12-01
|l 0
|o 338.95906 INN
|p 3010028650
|r 2014-12-01
|t 1
|w 2014-12-01
|y BK
|x Photocopy Book. Declared as Damaged on December 10, 2023
|